000 01125nam a22003738i 4500
999 _c2036
_d2036
001 021038240
003 UkOxU
005 20230301154410.0
008 170621s2017 dcua j 000|0|eng|d
015 _aGBB7D6779
_2bnb
016 7 _a018459758
_2Uk
020 _a9781426328862 (pbk.) :
035 _a(Uk)018459758
035 _a(StEdALDL)1/3595480
040 _aStDuBDS
_beng
_erda
_cStDuBDS
_dKH8
049 _aCROBAR
082 0 4 _a428.6 SHA
_223
100 1 _aShaffer, Jody Jensen,
_eauthor.
245 1 0 _aCity and country /
_cJody Jensen Shaffer.
263 _a201709
264 1 _aWashington, D.C. :
_bNational Geographic Kids,
_c2017.
300 _a1 volume :
_billustrations.
336 _atext
_2rdacontent
336 _astill image
_2rdacontent
337 _aunmediated
_2rdamedia
338 _avolume
_2rdacarrier
490 0 _aNational Geographic readers
650 0 _aReaders
_xCity and town life.
650 0 _aReaders
_xCountry life.
650 0 _aCity and town life
_vJuvenile literature.
650 0 _aCountry life
_vJuvenile literature.
650 0 _aReaders (Elementary)
942 _2ddc
_cNFIC